مكتبة جامعة عجلون الوطنية

فهرس بحث المكتبة

اثر استخدام استراتيجية حل المشكلات في معالجة المسالة الجبرية على تحصيل طلبة الصف السابع الاساسي في لواء الرمثا=the Effect of Using Problem Soiving Strategy in Manipulating Algebra Problems on the Seventh Grade Students Achievement in Al Ramtha District / (Record no. 29391)

MARC details
000 -LEADER
fixed length control field 01362nam a2200241Ii 4500
003 - CONTROL NUMBER IDENTIFIER
control field JO-AjNU
005 - DATE AND TIME OF LATEST TRANSACTION
control field 20240630095527.0
008 - FIXED-LENGTH DATA ELEMENTS--GENERAL INFORMATION
fixed length control field 230605s9999||||xx |||||||||||||| ||und||
040 ## - CATALOGING SOURCE
Original cataloging agency JO-AjNU
Language of cataloging ara
Description conventions rda
Transcribing agency JO-AjNU
041 ## - LANGUAGE CODE
Language code of text/sound track or separate title ara
050 14 - LIBRARY OF CONGRESS CALL NUMBER
Classification number QA11.2007
100 #1 - MAIN ENTRY--PERSONAL NAME
Personal name السريحين، سفيان كريم سليم
Relator term معد
9 (RLIN) 65900
245 00 - TITLE STATEMENT
Title اثر استخدام استراتيجية حل المشكلات في معالجة المسالة الجبرية على تحصيل طلبة الصف السابع الاساسي في لواء الرمثا=the Effect of Using Problem Soiving Strategy in Manipulating Algebra Problems on the Seventh Grade Students Achievement in Al Ramtha District /
Statement of responsibility, etc. اعداد السريحين سفيان كريم سليم ؛ إشراف احمد حسن القضاة
260 ## - PUBLICATION, DISTRIBUTION, ETC.
Date of publication, distribution, etc. 2007
300 ## - PHYSICAL DESCRIPTION
Extent 93 ورقة
336 ## - CONTENT TYPE
Content type term text
Content type code txt
Source rdacontent
337 ## - MEDIA TYPE
Media type term unmediated
Media type code n
Source rdamedia
338 ## - CARRIER TYPE
Carrier type term volume
Carrier type code nc
Source rdacarrier
500 ## - GENERAL NOTE
General note رسالة جامعية( ماجستير في مناهج الرياضيات واساليب التدريس)--جامعة ال البيت، كلية العلوم التربوية(المفرق)، 2007 يشتمل على جداول توضيحية
650 #4 - SUBJECT ADDED ENTRY--TOPICAL TERM
Topical term or geographic name entry element الرياضيات - تعليم
9 (RLIN) 57602
700 #1 - ADDED ENTRY--PERSONAL NAME
Personal name القضاة، أحمد حسن
9 (RLIN) 62613
Relator term مشرف
942 ## - ADDED ENTRY ELEMENTS (KOHA)
Source of classification or shelving scheme Library of Congress Classification
Koha item type Thesis
Holdings
Withdrawn status Lost status Source of classification or shelving scheme Damaged status Not for loan Home library Current library Shelving location Date acquired Total Checkouts Full call number Barcode Date last seen Price effective from Koha item type
    Library of Congress Classification     مكتبة جامعة عجلون الوطنية مكتبة جامعة عجلون الوطنية المراجع 30/06/2024   QA11.2007 A25823 06/06/2023 30/06/2024 Thesis